000 00202nam a22000857a 4500
999 _c17678
_d17678
008 190517b xxu||||| |||| 00| 0 eng d
245 _aCompany Law
300 _a1 vol.(various chapters)
942 _2lcc
_cRES